000
00224nam a22000977a 4500
999
_c
264577
_d
264576
008
241004b xxu||||| |||| 00| 0 eng d
020
_a
9781423101482
100
_a
Rick Riordan
245
_a
The Titan's Curse
260
_c
2007